|
|
|
|
| LEADER |
00000cam a2200000 a 4500 |
| 001 |
vtls001125156 |
| 003 |
SK-MaSNL |
| 005 |
20260301062823.0 |
| 008 |
240226s1989 xo a drnp 000 0 slo |
| 015 |
|
|
|a SNBA1989
|
| 020 |
|
|
|a 8008002433
|q (viazané)
|
| 035 |
|
|
|a SNK000068005
|
| 035 |
|
|
|a 68EFCA85-4F77-4FE9-837B-CE102F91E5BC
|
| 035 |
|
|
|a urn:nbn:sk:snk-am00ijii
|
| 040 |
|
|
|a SNK
|b slo
|c SNK
|e AACR2
|
| 041 |
1 |
|
|a slo
|h cze
|
| 044 |
|
|
|a xo
|c SK
|
| 072 |
|
7 |
|a 796
|x Šport. Hry. Telesné cvičenia
|2 konspekt
|
| 080 |
|
|
|a 37.016:796/799
|2 2011
|
| 080 |
|
|
|a (075.3)
|2 2011
|
| 080 |
|
|
|a 796.41
|2 2011
|
| 100 |
1 |
|
|a Kozlík, Jaroslav,
|d 1907-2012
|4 aut
|9 183740
|
| 245 |
1 |
0 |
|a Telesná výchova pre vychovávateľov
|n 2
|b učebnica pre pedagogické školy
|c Jaroslav Kozlík a kolektív ; preklad Alexander Mesiar ; ilustrácie Pavel Nešleha
|
| 250 |
|
|
|a 2. vyd.
|
| 260 |
|
|
|a Bratislava
|b Slovenské pedagogické nakladateľstvo
|c 1989
|e Bratislava
|f Pravda
|
| 300 |
|
|
|a 320 s.
|b ilustrácie
|c 21 cm
|
| 366 |
|
|
|e 1000 výtl.
|
| 504 |
|
|
|a Obsahuje bibliografiu
|
| 650 |
0 |
7 |
|a telesná výchova
|2 SNKPH
|9 708
|
| 650 |
0 |
7 |
|a Physical education
|2 SNKPHeng
|9 265416
|
| 650 |
0 |
7 |
|a gymnastika
|2 SNKPH
|9 709
|
| 650 |
0 |
7 |
|a Gymnastics
|2 SNKPHeng
|9 319193
|
| 655 |
|
7 |
|a učebnice stredných škôl
|2 SNKPH
|9 69323
|
| 655 |
|
7 |
|a Textbooks (secondary)
|2 SNKPHeng
|9 276359
|
| 700 |
1 |
|
|a Mesiar, Alexander
|4 trl
|9 279538
|
| 700 |
1 |
|
|a Nešleha, Pavel,
|d 1937-2003
|4 ill
|9 100457
|
| 852 |
|
|
|a Slovenská národná knižnica
|
| 919 |
|
|
|a 80-08-00243-3
|
| 954 |
|
|
|a odborná, vedecká literatúra cudzojazyčná (svetová)
|2 lita
|
| 958 |
|
|
|a OND
|
| 958 |
|
|
|a NB
|
| 958 |
|
|
|a UC
|
| 958 |
|
|
|a CZ
|
| 958 |
|
|
|a TL
|
| 958 |
|
|
|a OP
|
| 958 |
|
|
|a EUIPO
|
| 968 |
|
|
|a SLO
|b ČES
|
| 999 |
|
|
|c 622011
|d 623941
|
| 952 |
|
|
|a SNK
|b SNK
|y PREZ
|7 0
|p 17A0964903
|o snkSC 74495/2
|i snkKSP 7464/89
|0 0
|1 0
|4 0
|d 2012-09-26
|f 1
|l 0
|r 2025-07-31 00:00:00
|w 2026-02-23
|
| 952 |
|
|
|a SNK
|b SNK
|y VYP
|7 0
|p 17A0342247
|o snkSC 74495/2 D2
|i snkKSP 4941/2002
|0 0
|1 0
|4 0
|d 2002-04-26
|l 0
|r 2004-12-31 00:00:00
|w 2026-02-23
|